| 000 | 00645nam a22002177a 4500 | ||
|---|---|---|---|
| 003 | OSt | ||
| 005 | 20231018123945.0 | ||
| 008 | 150331b xxu||||| |||| 00| 0 eng d | ||
| 020 | _a0865426511 | ||
| 040 | _cDNLM | ||
| 082 | _aWP 100 D513d 1999 | ||
| 100 |
_aEdited by D. Keith, Edmonds _916793 |
||
| 245 | _aDewhurst's Text book of Obstetrics and Gynaecology for Postgraduates. | ||
| 250 | _a6th ed. | ||
| 260 |
_aLondon; _bBlackwell Science Ltd, _c1999. |
||
| 300 |
_ax, 622 p : _bcol.ill; _c28 cm. |
||
| 504 | _aIncludes bibliographical references and index. | ||
| 650 |
_aObstetrics _9330 |
||
| 650 |
_aGynaecology _95 |
||
| 942 |
_2z _cSLOAN |
||
| 999 |
_c1320 _d1320 |
||